| 000 | 00936cam a22002533a 4500 | ||
|---|---|---|---|
| 001 | 3876 | ||
| 003 | PGUSA | ||
| 005 | 20140828083039.0 | ||
| 008 | 041203s2004||||xxu|||||s|||||000 | eng d | ||
| 040 |
_aPGUSA _beng |
||
| 042 | _adc | ||
| 050 | 4 | _aDC | |
| 100 | 1 | _aDu Hausset, Mme. | |
| 245 | 1 | 0 |
_aMemoirs of the Courts of Louis XV and XVI. — Volume 1 : _bBeing secret memoirs of Madame Du Hausset, lady's maid to Madame de Pompadour, and of the Princess Lamballe _h[electronic resource] / _cMme. Du Hausset |
| 260 |
_bProject Gutenberg, _c2004 |
||
| 506 | _aPublic domain in the USA. | ||
| 516 | _aElectronic text | ||
| 653 | _aMarie Antoinette, Queen, consort of Louis XVI, King of France, 1755-1793 | ||
| 653 | _aPompadour, Jeanne Antoinette Poisson, marquise de, 1721-1764 | ||
| 653 | _aFrance -- Court and courtiers | ||
| 830 | 0 |
_aProject Gutenberg _v3876 |
|
| 856 | 4 | 0 | _uhttp://www.gutenberg.org/ebooks/3876 |
| 942 | _cEB | ||
| 999 |
_c233205 _d233205 |
||